000
00343nam a2200145Ia 4500
003
OSt
005
20231228063818.0
008
170523s9999 xx 000 0 und d
020
_a
9788122402070
040
_c
iimtu
100
_a
Desai- Ashok V.
245
0
_a
Nonconventional Energy
260
_a
New Age International Pub.
942
_2
ddc
_c
02
999
_c
12576
_d
12576